00602nam a2200169 450000500170000001000150001702000260003203500140005803700130007208200080008510000190009324500840011226000420019627001410023830000350037970000180041420191217150505.0 aENG-127172 a9789389552423c395.00 aEN-110704 bDBAD/PUB a000 aGandhi, Haneet aCTET paper II :cby Haneet Gandhi [and] Yukti Sharmabmathematics and science / aNoidabPearson India Education c2020 a15th Floor, Tower-B, World Trade Tower, Plot No. 1 Block- C, Sector-16bNoida, Uttar Pradeshe201301mcompanysecretary.india@pearson.com axii;various paging.c24cm(pbk) aSharma, Yukti